Analytic philosophy and phenomenology

Gespeichert in:
Bibliographische Detailangaben
1. Verfasser: Durfee, Harold A (VerfasserIn)
Format: Buch
Sprache:Englisch
Veröffentlicht: La Haya Martinus Nijhoff 1976
Schriftenreihe:American University Publications in Philosophy
Schlagworte:
Tags: Tag hinzufügen
Keine Tags, Fügen Sie den ersten Tag hinzu!

MARC

LEADER 00000nam a2200000 a 4500
001 UCZ4712
003 CL-VaPUC
005 20240820103258.0
008 951110e19760000NE |||||||||||||||||eng|d
999 |c 241079  |d 241077 
040 |c Pontificia Universidad Católica de Valparaíso 
082 0 4 |a 121  |b DUR  |2 21 
100 0 |a Durfee, Harold A  |e author  |9 348722 
245 1 0 |a Analytic philosophy and phenomenology 
260 |a La Haya  |b Martinus Nijhoff  |c 1976 
300 |a 277 p 
490 0 |a American University Publications in Philosophy 
583 |a last modification  |c 19951110 00:00:00  |k Rodrigo Vera 
600 0 7 |a WITTGENSTEIN, LUDWIG  |2 CL-VaPUC  |9 257080 
600 0 7 |a Husserl, Edmund   |d 1859-1938  |9 575718 
650 0 |a Fenomenología  |9 256519 
650 0 |a Teoría del conocimiento   |9 255038 
650 0 |a Naturaleza humana   |9 308593 
650 0 |a Lingüística  |9 265068 
650 0 |a Verdad  |9 313815 
852 |a BIBCUR 
942 |c BK  |2 ddc 
945 |d 19951110 00:00:00  |a lriquelm 
952 |0 0  |1 0  |4 0  |6 121_000000000000000_DUR_1976  |7 0  |8 P  |9 253232  |a BIBEDU  |b BIBEDU  |c BIBEDU_PB  |d 2019-11-19  |i 1597574  |o 121 DUR 1976  |p 1597574  |r 2024-01-25  |w 2019-11-19  |y BK  |k FIL